[Event "CAN-ch"]
[Site "Montreal CAN"]
[Date "2012.08.04"]
[Round "1"]
[White "Larochelle, Martial"]
[Black "Noritsyn, Nikolay"]
[Result "0-1"]
[WhiteElo "2153"]
[BlackElo "2472"]
[PlyCount "48"]
[GameId "2160767909441633"]
[EventDate "2012.08.04"]
[EventType "swiss"]
[EventRounds "9"]
[EventCountry "CAN"]
[SourceTitle "CBM 149 Extra"]
[Source "ChessBase"]
[SourceDate "2012.08.24"]
[SourceVersion "1"]
[SourceVersionDate "2012.08.24"]
[SourceQuality "1"]

1. c4 b6 2. Nc3 Bb7 3. e4 e6 4. Nge2 Nf6 5. d3 Nc6 6. g3 d5 7. cxd5 exd5 8. Bg5 dxe4 9. dxe4 Ne5 10. Bg2 Nd3+ 11. Kf1 Bc5 12. Qa4+ Qd7 13. Bxf6 Qxa4 14. Nxa4 gxf6 15. Nxc5 Nxc5 16. Nc3 O-O-O 17. b4 Nd3 18. Rb1 Rhe8 19. Bh3+ Kb8 20. Bf5 Re5 21. Ke2 Rxf5 22. exf5 Bxh1 23. Rxh1 Nxb4 24. a3 Nc2 0-1

[Event "CAN-ch"]
[Site "Montreal CAN"]
[Date "2012.08.04"]
[Round "1"]
[White "Leutschaft, Martin"]
[Black "Qin, Zi Yi (Joey)"]
[Result "0-1"]
[WhiteElo "2143"]
[BlackElo "2198"]
[PlyCount "138"]
[GameId "2160767909441634"]
[EventDate "2012.08.04"]
[EventType "swiss"]
[EventRounds "9"]
[EventCountry "CAN"]

1. Nf3 Nf6 2. g3 g6 3. Bg2 Bg7 4. O-O O-O 5. c4 d6 6. b3 e5 7. Bb2 Re8 8. Nc3 Nbd7 9. e4 Nc5 10. Qc2 Nh5 11. b4 Ne6 12. Qd1 Nd4 13. d3 Bg4 14. Nd5 c5 15. a3 Rb8 16. b5 Rf8 17. Ne3 Be6 18. Nxd4 cxd4 19. Nf5 gxf5 20. Qxh5 fxe4 21. Bxe4 f5 22. Bg2 Qd7 23. a4 Rbe8 24. Qf3 Re7 25. Rac1 Bf7 26. c5 e4 27. Qf4 dxc5 28. Rxc5 Bg6 29. Rfc1 Rfe8 30. Rc7 Qe6 31. Bf1 Be5 32. Rxe7 Rxe7 33. Qh6 Bg7 34. Qf4 Be5 35. Qh6 e3 36. fxe3 Bg7 37. Qf4 dxe3 38. Bxg7 Kxg7 39. Be2 b6 40. Rc6 Qd7 41. Rd6 Qc7 42. Qd4+ Kh6 43. Qh4+ Kg7 44. Qf6+ Kg8 45. Rc6 Qe5 46. Rc8+ Be8 47. Qxe5 Rxe5 48. Kf1 Kg7 49. Rc7+ Kf6 50. Rxh7 Rc5 51. Bd1 Bg6 52. Rh4 Rc1 53. Ke2 Bf7 54. h3 Kg5 55. Ke1 Bb3 56. Ke2 Bxd1+ 57. Kxe3 Ra1 58. Rb4 Bxa4 59. h4+ Kf6 60. Kd4 Bd1 61. Kd5 Bf3+ 62. Kd6 Ra3 63. Kc7 Rxd3 64. Ra4 Rb3 65. Rxa7 Rxb5 66. Ra3 Be4 67. Re3 Rb4 68. Kd6 Rd4+ 69. Kc7 Rd3 0-1

[Event "CAN-ch"]
[Site "Montreal CAN"]
[Date "2012.08.04"]
[Round "1"]
[White "Oussedik, Elias"]
[Black "Bolduc, Steve"]
[Result "1-0"]
[WhiteElo "2005"]
[BlackElo "2229"]
[PlyCount "65"]
[GameId "2160767909441635"]
[EventDate "2012.08.04"]
[EventType "swiss"]
[EventRounds "9"]
[EventCountry "CAN"]
[SourceTitle "CBM 149 Extra"]
[Source "ChessBase"]
[SourceDate "2012.08.24"]
[SourceVersion "1"]
[SourceVersionDate "2012.08.24"]
[SourceQuality "1"]

1. Nf3 Nf6 2. c4 c5 3. g3 g6 4. Bg2 Bg7 5. Nc3 Nc6 6. d4 cxd4 7. Nxd4 Qb6 8. Nb3 Ng4 9. O-O Bxc3 10. bxc3 d6 11. h3 Nge5 12. c5 dxc5 13. Be3 O-O 14. Nxc5 Qc7 15. Qa4 b6 16. Na6 Bxa6 17. Qxa6 Rac8 18. Bf4 f6 19. Rfd1 Na5 20. c4 g5 21. Bxe5 fxe5 22. Rac1 Qc5 23. e3 Rc7 24. Rd5 Qa3 25. Rc2 Qa4 26. Be4 Qb4 27. Rxe5 Qe1+ 28. Kg2 Kh8 29. Rf5 Rd8 30. Qb5 Rc5 31. Rxc5 bxc5 32. Qxc5 e6 33. Qe5+ 1-0

[Event "CAN-ch"]
[Site "Montreal CAN"]
[Date "2012.08.04"]
[Round "1"]
[White "Panjwani, Raja"]
[Black "Chiku-Ratte, Olivier-Kenta"]
[Result "1-0"]
[WhiteElo "2394"]
[BlackElo "2107"]
[PlyCount "99"]
[GameId "2160767909441636"]
[EventDate "2012.08.04"]
[EventType "swiss"]
[EventRounds "9"]
[EventCountry "CAN"]
[SourceTitle "CBM 149 Extra"]
[Source "ChessBase"]
[SourceDate "2012.08.24"]
[SourceVersion "1"]
[SourceVersionDate "2012.08.24"]
[SourceQuality "1"]

1. c4 c5 2. Nc3 Nc6 3. g3 g6 4. Bg2 Bg7 5. e3 Nf6 6. Nge2 O-O 7. a3 Rb8 8. Rb1 a6 9. b4 cxb4 10. axb4 b5 11. c5 d5 12. cxd6 Qxd6 13. d4 Rd8 14. O-O e5 15. dxe5 Qxd1 16. Rxd1 Rxd1+ 17. Nxd1 Nxe5 18. Bb2 Nc4 19. Bd4 Bb7 20. Bxb7 Rxb7 21. Ra1 Nd5 22. Rxa6 Bxd4 23. Nxd4 Nxb4 24. Ra8+ Kg7 25. Nc3 Nd6 26. Ra5 Rc7 27. Ncxb5 Nxb5 28. Rxb5 Nd3 29. Rb1 h5 30. h3 Kf6 31. Kg2 Ke5 32. Kf3 Nc5 33. Rc1 Ne6 34. Rxc7 Nxc7 35. Ke2 Nd5 36. Nb5 g5 37. f4+ Kf5 38. e4+ Kxe4 39. Nd6+ Kd4 40. fxg5 Ke5 41. Nxf7+ Kf5 42. h4 Ne7 43. Nd6+ Kg4 44. Ne4 Nf5 45. Kf2 Ng7 46. Nf6+ Kf5 47. Ke3 Ke5 48. Kf3 Kf5 49. Nxh5 Ne6 50. g4+ 1-0

[Event "CAN-ch"]
[Site "Montreal CAN"]
[Date "2012.08.04"]
[Round "1"]
[White "Robichaud, Louis"]
[Black "Wang, Richard"]
[Result "1-0"]
[WhiteElo "2100"]
[BlackElo "2338"]
[PlyCount "65"]
[GameId "2160767909441637"]
[EventDate "2012.08.04"]
[EventType "swiss"]
[EventRounds "9"]
[EventCountry "CAN"]
[SourceTitle "CBM 149 Extra"]
[Source "ChessBase"]
[SourceDate "2012.08.24"]
[SourceVersion "1"]
[SourceVersionDate "2012.08.24"]
[SourceQuality "1"]

1. e4 c5 2. Nc3 Nc6 3. g3 g6 4. Bg2 Bg7 5. d3 d6 6. f4 Nf6 7. Nf3 O-O 8. O-O Rb8 9. h3 b5 10. a3 a5 11. Be3 b4 12. axb4 axb4 13. Ne2 Bb7 14. f5 Ra8 15. Rb1 Ra2 16. fxg6 hxg6 17. c3 bxc3 18. bxc3 Qc7 19. Nf4 Ra3 20. Qc1 Ra7 21. g4 e6 22. Ng5 Re8 23. Qe1 Ne5 24. Qh4 Ned7 25. Nxf7 Kxf7 26. g5 Rh8 27. Qg3 Rg8 28. gxf6 Bxf6 29. Qg4 Nf8 30. Nh5 gxh5 31. Rxf6+ Kxf6 32. Rf1+ Ke7 33. Qxg8 1-0

[Event "CAN-ch"]
[Site "Montreal CAN"]
[Date "2012.08.04"]
[Round "1"]
[White "Sambuev, Bator"]
[Black "Carrier, Claude"]
[Result "1-0"]
[WhiteElo "2523"]
[BlackElo "2154"]
[PlyCount "59"]
[GameId "2160767909441638"]
[EventDate "2012.08.04"]
[EventType "swiss"]
[EventRounds "9"]
[EventCountry "CAN"]
[SourceTitle "CBM 149 Extra"]
[Source "ChessBase"]
[SourceDate "2012.08.24"]
[SourceVersion "1"]
[SourceVersionDate "2012.08.24"]
[SourceQuality "1"]

1. d4 Nf6 2. Nf3 g6 3. c4 Bg7 4. Nc3 d5 5. cxd5 Nxd5 6. e4 Nxc3 7. bxc3 c5 8. Bb5+ Nc6 9. O-O O-O 10. d5 a6 11. Be2 Ne5 12. Nxe5 Bxe5 13. Be3 Bxc3 14. Rc1 Bd4 15. Bxd4 cxd4 16. Qxd4 Bd7 17. Rfd1 Qa5 18. h4 Ba4 19. Re1 Rac8 20. h5 b6 21. h6 f6 22. Bg4 Rc5 23. Be6+ Kh8 24. e5 Be8 25. exf6 Rxf6 26. d6 Qa4 27. Bc4 Rcf5 28. Rxe7 Bd7 29. Rf7 Rf4 30. Rf8# 1-0

[Event "CAN-ch"]
[Site "Montreal CAN"]
[Date "2012.08.04"]
[Round "1"]
[White "Song, Michael"]
[Black "Kovalyov, Anton"]
[Result "1/2-1/2"]
[WhiteElo "2154"]
[BlackElo "2605"]
[PlyCount "66"]
[GameId "2160767909441639"]
[EventDate "2012.08.04"]
[EventType "swiss"]
[EventRounds "9"]
[EventCountry "CAN"]
[SourceTitle "CBM 149 Extra"]
[Source "ChessBase"]
[SourceDate "2012.08.24"]
[SourceVersion "1"]
[SourceVersionDate "2012.08.24"]
[SourceQuality "1"]

1. d4 Nf6 2. Nf3 e6 3. c4 b6 4. g3 c6 5. Bg2 d5 6. O-O Be7 7. Qc2 O-O 8. b3 a5 9. Bb2 Ba6 10. Ne5 Nfd7 11. Nd3 Bb7 12. Nd2 Na6 13. a3 Rc8 14. e4 Rc7 15. Bc3 c5 16. Qb2 dxe4 17. Nxe4 Bxe4 18. Bxe4 Nf6 19. Bg2 cxd4 20. Bxd4 Rd7 21. Ne5 Rxd4 22. Nc6 Rd2 23. Nxe7+ Kh8 24. Qc3 Rd3 25. Qc2 Rd2 26. Qc3 Nc5 27. Nc6 Qd6 28. b4 Nce4 29. Qe3 Rc8 30. Bxe4 Nxe4 31. b5 Nc5 32. Qf3 Qc7 33. Rfd1 Rxd1+ 1/2-1/2

[Event "CAN-ch"]
[Site "Montreal CAN"]
[Date "2012.08.04"]
[Round "1"]
[White "Upper, John"]
[Black "Masse, Hugues"]
[Result "1/2-1/2"]
[WhiteElo "2036"]
[BlackElo "2232"]
[PlyCount "83"]
[GameId "2160767909441640"]
[EventDate "2012.08.04"]
[EventType "swiss"]
[EventRounds "9"]
[EventCountry "CAN"]
[SourceTitle "CBM 149 Extra"]
[Source "ChessBase"]
[SourceDate "2012.08.24"]
[SourceVersion "1"]
[SourceVersionDate "2012.08.24"]
[SourceQuality "1"]

1. d4 Nf6 2. c4 g6 3. Nc3 d5 4. Nf3 Bg7 5. Qb3 dxc4 6. Qxc4 O-O 7. e4 Nc6 8. Be2 Bg4 9. d5 Na5 10. Qb4 Bxf3 11. Bxf3 c6 12. O-O Qb6 13. Qa4 Nd7 14. Rd1 Rfd8 15. Qc2 Rac8 16. Be3 Qc7 17. dxc6 Nxc6 18. Rac1 Nce5 19. Be2 Nb6 20. Rxd8+ Qxd8 21. Rd1 Qc7 22. Qb3 Rd8 23. Rc1 Ned7 24. Nb5 Qb8 25. f4 a6 26. Nc7 Na8 27. Nxa8 Qxa8 28. Bc4 e6 29. Bxe6 fxe6 30. Qxe6+ Kh8 31. Rc7 Nf6 32. Rxg7 Kxg7 33. Qe7+ Kg8 34. Qxf6 Qc8 35. h3 Qd7 36. Kf2 Qd6 37. Qc3 Qd3 38. Qc7 Qd7 39. Qb6 Kg7 40. e5 Re8 41. g4 Re6 42. Qd4 1/2-1/2

[Event "CAN-ch"]
[Site "Montreal CAN"]
[Date "2012.08.05"]
[Round "2"]
[White "Bolduc, Steve"]
[Black "Preotu, Razvan"]
[Result "0-1"]
[WhiteElo "2229"]
[BlackElo "2080"]
[PlyCount "70"]
[GameId "2160767909441641"]
[EventDate "2012.08.04"]
[EventType "swiss"]
[EventRounds "9"]
[EventCountry "CAN"]
[SourceTitle "CBM 149 Extra"]
[Source "ChessBase"]
[SourceDate "2012.08.24"]
[SourceVersion "1"]
[SourceVersionDate "2012.08.24"]
[SourceQuality "1"]

1. d4 Nf6 2. c4 g6 3. Nc3 Bg7 4. e4 d6 5. Be2 O-O 6. Nf3 e5 7. O-O Nc6 8. d5 Ne7 9. b4 Ne8 10. c5 f5 11. Nd2 Nf6 12. f3 f4 13. Nc4 g5 14. Ba3 Ng6 15. b5 Ne8 16. Bb4 Rf7 17. Qa4 Bf8 18. cxd6 cxd6 19. Ba5 Qf6 20. Bb6 h5 21. Bf2 g4 22. fxg4 Bxg4 23. Bf3 Qg5 24. Kh1 Rc8 25. Rac1 Rg7 26. Ne2 Nf6 27. Nd2 Rxc1 28. Rxc1 b6 29. Rg1 Bc8 30. Rc1 Ng4 31. Rxc8 Nxf2+ 32. Kg1 Ng4 33. Qd1 Ne3 34. Qe1 Nh4 35. g3 Nxf3+ 0-1

[Event "CAN-ch"]
[Site "Montreal CAN"]
[Date "2012.08.05"]
[Round "2"]
[White "Carrier, Claude"]
[Black "Anastasovski, Nikola"]
[Result "1/2-1/2"]
[WhiteElo "2154"]
[BlackElo "2070"]
[PlyCount "45"]
[GameId "2160767909441642"]
[EventDate "2012.08.04"]
[EventType "swiss"]
[EventRounds "9"]
[EventCountry "CAN"]
[SourceTitle "CBM 149 Extra"]
[Source "ChessBase"]
[SourceDate "2012.08.24"]
[SourceVersion "1"]
[SourceVersionDate "2012.08.24"]
[SourceQuality "1"]

1. e4 e5 2. Nf3 Nc6 3. Bb5 f5 4. d3 Nf6 5. exf5 Bc5 6. O-O O-O 7. Bxc6 dxc6 8. Nxe5 Bxf5 9. Nd2 Qd5 10. Ndf3 Ng4 11. c4 Qd6 12. d4 Nxe5 13. dxc5 Qxd1 14. Rxd1 Bg4 15. b3 Nxf3+ 16. gxf3 Bxf3 17. Re1 Rf6 18. Re7 Rd8 19. Be3 Rf7 20. Re5 Rfd7 21. Re1 Rd1 22. Bf4 Rxe1+ 23. Rxe1 1/2-1/2

[Event "CAN-ch"]
[Site "Montreal CAN"]
[Date "2012.08.05"]
[Round "2"]
[White "Chabot, Roland"]
[Black "Gerzhoy, Leonid"]
[Result "0-1"]
[WhiteElo "2231"]
[BlackElo "2448"]
[PlyCount "74"]
[GameId "2160767909441643"]
[EventDate "2012.08.04"]
[EventType "swiss"]
[EventRounds "9"]
[EventCountry "CAN"]
[SourceTitle "CBM 149 Extra"]
[Source "ChessBase"]
[SourceDate "2012.08.24"]
[SourceVersion "1"]
[SourceVersionDate "2012.08.24"]
[SourceQuality "1"]

1. d4 d5 2. c4 c6 3. Nc3 e6 4. e3 Bd6 5. Bd3 f5 6. Qc2 Nh6 7. f3 O-O 8. Nge2 Qh4+ 9. g3 Qe7 10. O-O dxc4 11. Bxc4 b5 12. Bb3 a5 13. a4 b4 14. Nb1 c5 15. Nd2 Nd7 16. Nc4 Ba6 17. Nxd6 Qxd6 18. Bc4 Rac8 19. Bxa6 Qxa6 20. Qd1 Rfd8 21. Qe1 Nf7 22. e4 Nf6 23. exf5 exf5 24. Qf2 Re8 25. Re1 cxd4 26. Nxd4 Rxe1+ 27. Qxe1 Qd3 28. Nb5 Qxf3 29. Qf1 Qxf1+ 30. Kxf1 Rc2 31. Kg1 Re2 32. Nd4 Re1+ 33. Kf2 Rh1 34. Kg2 Rd1 35. Nxf5 Ne5 36. Ne3 Re1 37. Nf5 Nd3 0-1

[Event "CAN-ch"]
[Site "Montreal CAN"]
[Date "2012.08.05"]
[Round "2"]
[White "Chiku-Ratte, Olivier-Kenta"]
[Black "Leutschaft, Martin"]
[Result "1-0"]
[WhiteElo "2107"]
[BlackElo "2143"]
[PlyCount "79"]
[GameId "2160767909441644"]
[EventDate "2012.08.04"]
[EventType "swiss"]
[EventRounds "9"]
[EventCountry "CAN"]

1. d4 Nf6 2. c4 d6 3. Nc3 Nbd7 4. e4 e5 5. Nf3 Be7 6. Be2 O-O 7. O-O c6 8. h3 Re8 9. d5 Nc5 10. Qc2 a5 11. Be3 Qc7 12. Nd2 Nfd7 13. b3 Nf8 14. a3 Ng6 15. b4 Nd7 16. g3 Nf6 17. Kg2 Qd7 18. Rh1 axb4 19. Na4 Qc7 20. Bb6 Qb8 21. axb4 Bd8 22. Be3 cxd5 23. cxd5 b5 24. Nc3 Rxa1 25. Rxa1 Bd7 26. Qd3 Qc8 27. Rh1 Be7 28. Nxb5 h5 29. h4 Ng4 30. Bxg4 Bxg4 31. Nc4 Qb8 32. Na5 f5 33. f3 fxe4 34. fxe4 Rf8 35. Rf1 Bxh4 36. gxh4 Nxh4+ 37. Kg3 Nf3 38. Nc6 Qe8 39. Nxd6 Qd7 40. Nf5 1-0

[Event "CAN-ch"]
[Site "Montreal CAN"]
[Date "2012.08.05"]
[Round "2"]
[White "Derraugh, Geordie"]
[Black "Cardin, Guillaume"]
[Result "1-0"]
[WhiteElo "2124"]
[BlackElo "1790"]
[PlyCount "53"]
[GameId "2160767909441645"]
[EventDate "2012.08.04"]
[EventType "swiss"]
[EventRounds "9"]
[EventCountry "CAN"]

1. e4 c5 2. Nf3 d6 3. d4 cxd4 4. Nxd4 Nf6 5. Nc3 a6 6. Be3 e6 7. f3 b5 8. Qd2 Qc7 9. Be2 Nbd7 10. O-O Bb7 11. a4 b4 12. Na2 d5 13. Nxb4 dxe4 14. c3 Bd6 15. f4 O-O 16. Rad1 Be7 17. c4 Nc5 18. Qc3 Bd6 19. g3 Rfd8 20. Nbc2 e5 21. Nf5 exf4 22. Rxd6 fxe3 23. Rxf6 gxf6 24. Qxf6 Ne6 25. Bh5 Re8 26. Bxf7+ Qxf7 27. Nh6+ 1-0

[Event "CAN-ch"]
[Site "Montreal CAN"]
[Date "2012.08.05"]
[Round "2"]
[White "Gusev, Nikita"]
[Black "Zhu, Hong Rui"]
[Result "1-0"]
[WhiteElo "2117"]
[BlackElo "2029"]
[PlyCount "69"]
[GameId "2160767909441646"]
[EventDate "2012.08.04"]
[EventType "swiss"]
[EventRounds "9"]
[EventCountry "CAN"]
[SourceTitle "CBM 149 Extra"]
[Source "ChessBase"]
[SourceDate "2012.08.24"]
[SourceVersion "1"]
[SourceVersionDate "2012.08.24"]
[SourceQuality "1"]

1. e4 c5 2. Nf3 d6 3. c3 g6 4. d4 cxd4 5. cxd4 d5 6. e5 Bg7 7. Nc3 Nh6 8. Qb3 e6 9. Bg5 Qa5 10. Be2 Nc6 11. O-O O-O 12. Qd1 a6 13. a3 b5 14. Nxb5 axb5 15. Qc1 Nxd4 16. Nxd4 Nf5 17. Nxf5 exf5 18. f4 Be6 19. b4 Qb6+ 20. Qc5 Qxc5+ 21. bxc5 Rab8 22. Be7 Rfc8 23. Bd6 Ra8 24. Bxb5 Bf8 25. a4 Ra7 26. Kf2 d4 27. Rfd1 Bxd6 28. cxd6 Rc2+ 29. Kg1 Bd5 30. Rxd4 Rxg2+ 31. Kf1 Rxh2 32. Rxd5 Rh1+ 33. Kf2 Rxa1 34. d7 Ra2+ 35. Ke3 1-0

[Event "CAN-ch"]
[Site "Montreal CAN"]
[Date "2012.08.05"]
[Round "2"]
[White "Hebert, Jean"]
[Black "Kraiouchkine, Nikita"]
[Result "1/2-1/2"]
[WhiteElo "2410"]
[BlackElo "2204"]
[PlyCount "118"]
[GameId "2160767909441647"]
[EventDate "2012.08.04"]
[EventType "swiss"]
[EventRounds "9"]
[EventCountry "CAN"]
[SourceTitle "CBM 149 Extra"]
[Source "ChessBase"]
[SourceDate "2012.08.24"]
[SourceVersion "1"]
[SourceVersionDate "2012.08.24"]
[SourceQuality "1"]

1. c4 c6 2. Nf3 Nf6 3. d4 d5 4. Nc3 e6 5. e3 Nbd7 6. Qc2 Bd6 7. b3 e5 8. cxd5 cxd5 9. Nb5 Bb4+ 10. Bd2 Bxd2+ 11. Nxd2 O-O 12. Be2 a6 13. dxe5 Nxe5 14. Nd4 Bg4 15. Bxg4 Nfxg4 16. O-O Rc8 17. Qf5 g6 18. Qf4 h5 19. h3 Nd3 20. Qf3 Ngxf2 21. Rxf2 Nxf2 22. Qxf2 Qe7 23. Rd1 Rc3 24. Nf1 Rfc8 25. Qf3 Qe4 26. Kf2 Rd3 27. Rxd3 Qxd3 28. Qe2 Qb1 29. a4 Rc1 30. Nd2 Qa1 31. N2f3 Rb1 32. Nc2 Qc3 33. Nfd4 Kg7 34. b4 a5 35. bxa5 Qxa5 36. Qf3 h4 37. Ke2 Qa6+ 38. Kd2 Qa5+ 39. Ke2 Qa6+ 40. Kd2 Qc4 41. Qf4 Rg1 42. Qe5+ Kh7 43. Qg5 Qxa4 44. Qxh4+ Kg8 45. Qd8+ Kg7 46. Qxd5 Qa6 47. Ne2 Rb1 48. Nc3 Rf1 49. Ne2 Rf5 50. Qd4+ Kg8 51. Nf4 Qf6 52. g4 Qxd4+ 53. Nxd4 Rc5 54. e4 b5 55. Kd3 b4 56. Nd5 Rc1 57. Nxb4 Rh1 58. Nf3 Rxh3 59. Ke2 f5 1/2-1/2

[Event "CAN-ch"]
[Site "Montreal CAN"]
[Date "2012.08.05"]
[Round "2"]
[White "Humphreys, Michael"]
[Black "Jiang, Louie"]
[Result "0-1"]
[WhiteElo "2179"]
[BlackElo "2337"]
[PlyCount "56"]
[GameId "2160767909441648"]
[EventDate "2012.08.04"]
[EventType "swiss"]
[EventRounds "9"]
[EventCountry "CAN"]
[SourceTitle "CBM 149 Extra"]
[Source "ChessBase"]
[SourceDate "2012.08.24"]
[SourceVersion "1"]
[SourceVersionDate "2012.08.24"]
[SourceQuality "1"]

1. Nf3 Nf6 2. c4 e6 3. g3 b6 4. Bg2 Bb7 5. O-O Be7 6. b3 O-O 7. Bb2 c5 8. e3 Na6 9. Nc3 Rc8 10. Qe2 d5 11. d3 Nb4 12. Rfd1 Nc6 13. cxd5 Nxd5 14. Nxd5 Qxd5 15. Rd2 Rfd8 16. d4 cxd4 17. Qd1 Qa5 18. Nxd4 Nxd4 19. Rxd4 Bxg2 20. Qg4 Rxd4 21. Bxd4 Bf8 22. Kxg2 Rc2 23. Qd1 Rxa2 24. Rxa2 Qxa2 25. Bxg7 Kxg7 26. Qg4+ Kh8 27. Qf4 Qa3 28. Qxf7 Qe7 0-1

[Event "CAN-ch"]
[Site "Montreal CAN"]
[Date "2012.08.05"]
[Round "2"]
[White "Itkin, David"]
[Black "Larochelle, Martial"]
[Result "0-1"]
[WhiteElo "2058"]
[BlackElo "2153"]
[PlyCount "136"]
[GameId "2160767909441649"]
[EventDate "2012.08.04"]
[EventType "swiss"]
[EventRounds "9"]
[EventCountry "CAN"]
[SourceTitle "CBM 149 Extra"]
[Source "ChessBase"]
[SourceDate "2012.08.24"]
[SourceVersion "1"]
[SourceVersionDate "2012.08.24"]
[SourceQuality "1"]

1. e4 e5 2. Nf3 Nc6 3. Bc4 Bc5 4. c3 Nf6 5. d4 exd4 6. e5 d5 7. Bb5 Ne4 8. cxd4 Bb6 9. Nc3 O-O 10. Be3 Ne7 11. Bd3 Bf5 12. Nh4 Nxc3 13. bxc3 Bxd3 14. Qxd3 Qd7 15. O-O f6 16. exf6 Rxf6 17. Rfe1 Qg4 18. g3 Nf5 19. Ng2 Qf3 20. Qe2 Qxe2 21. Rxe2 Nd6 22. Bf4 Ne4 23. Rc1 Rc6 24. c4 Bxd4 25. cxd5 Rxc1+ 26. Bxc1 Nc3 27. Rd2 Bf6 28. Nf4 Rd8 29. Bb2 Ne4 30. Rc2 Bxb2 31. Rxb2 b6 32. Rc2 Nc5 33. Kg2 Kf7 34. h4 Ke7 35. Kf3 Kd6 36. Re2 Rf8 37. Re3 Rf7 38. Re8 Nd3 39. Rd8+ Kc5 40. Ke3 Nxf4 41. gxf4 b5 42. Ke4 a5 43. h5 a4 44. f5 h6 45. a3 Kc4 46. d6 cxd6 47. Rxd6 Re7+ 48. Re6 Rb7 49. f6 gxf6 50. Rxf6 Kb3 51. Rf3+ Kb2 52. Ke5 b4 53. axb4 Rb5+ 54. Kf6 Rxh5 55. Kg6 Rh4 56. b5 a3 57. Re3 Rc4 58. Re2+ Kb3 59. Kxh6 a2 60. Re1 Rf4 61. b6 Rxf2 62. Kg7 Rb2 63. b7 Ka3 64. Re3+ Ka4 65. Re4+ Ka5 66. Re8 Rxb7+ 67. Kg8 Ka6 68. Re6+ Ka7 0-1

[Event "CAN-ch"]
[Site "Montreal CAN"]
[Date "2012.08.05"]
[Round "2"]
[White "Kovalyov, Anton"]
[Black "Upper, John"]
[Result "1-0"]
[WhiteElo "2605"]
[BlackElo "2036"]
[PlyCount "87"]
[GameId "2160767909441650"]
[EventDate "2012.08.04"]
[EventType "swiss"]
[EventRounds "9"]
[EventCountry "CAN"]
[SourceTitle "CBM 149 Extra"]
[Source "ChessBase"]
[SourceDate "2012.08.24"]
[SourceVersion "1"]
[SourceVersionDate "2012.08.24"]
[SourceQuality "1"]

1. Nf3 d5 2. d4 Nf6 3. c4 c6 4. e3 Bg4 5. h3 Bxf3 6. Qxf3 e6 7. Bd3 Nbd7 8. O-O Bd6 9. Nd2 O-O 10. Qd1 Re8 11. a3 e5 12. cxd5 cxd5 13. dxe5 Nxe5 14. Bb5 Re6 15. Nb3 a6 16. Be2 Qb6 17. Nd4 Ree8 18. Qb3 Qxb3 19. Nxb3 Rac8 20. Rd1 Bb8 21. Kf1 Ba7 22. Rb1 Red8 23. Bd2 Ne4 24. Be1 Rd7 25. Nd4 g6 26. f3 Nd6 27. b3 Bxd4 28. exd4 Nc6 29. Rbc1 f5 30. Rc5 Ne7 31. Bh4 b6 32. Rxc8+ Nexc8 33. Bxa6 Ra7 34. Bxc8 Nxc8 35. Rc1 Nd6 36. Rc6 Nb5 37. a4 Nxd4 38. Rxb6 Rc7 39. Bf6 Rc1+ 40. Kf2 Nc6 41. Ke3 Na5 42. Kd2 Rg1 43. Bc3 Rxg2+ 44. Ke3 1-0

[Event "CAN-ch"]
[Site "Montreal CAN"]
[Date "2012.08.05"]
[Round "2"]
[White "Luo, Zhao Yang"]
[Black "Ber, Yves"]
[Result "1/2-1/2"]
[WhiteElo "1991"]
[BlackElo "2114"]
[PlyCount "44"]
[GameId "2160767909441651"]
[EventDate "2012.08.04"]
[EventType "swiss"]
[EventRounds "9"]
[EventCountry "CAN"]
[SourceTitle "CBM 149 Extra"]
[Source "ChessBase"]
[SourceDate "2012.08.24"]
[SourceVersion "1"]
[SourceVersionDate "2012.08.24"]
[SourceQuality "1"]

1. d4 Nf6 2. Nf3 e6 3. e3 b6 4. Bd3 Bb7 5. O-O Be7 6. b3 O-O 7. Bb2 d5 8. Ne5 Nbd7 9. Nd2 h6 10. Qf3 Bb4 11. Qe2 Ne4 12. Nxe4 dxe4 13. Bc4 Nxe5 14. dxe5 Qg5 15. Rfd1 Rfd8 16. Rxd8+ Rxd8 17. Rd1 a5 18. a3 Bc5 19. Rd2 Qe7 20. h3 Bc6 21. Qd1 Rxd2 22. Qxd2 Qd7 1/2-1/2

[Event "CAN-ch"]
[Site "Montreal CAN"]
[Date "2012.08.05"]
[Round "2"]
[White "Masse, Hugues"]
[Black "Song, Michael"]
[Result "1/2-1/2"]
[WhiteElo "2232"]
[BlackElo "2154"]
[PlyCount "117"]
[GameId "2160767909441652"]
[EventDate "2012.08.04"]
[EventType "swiss"]
[EventRounds "9"]
[EventCountry "CAN"]
[SourceTitle "CBM 149 Extra"]
[Source "ChessBase"]
[SourceDate "2012.08.24"]
[SourceVersion "1"]
[SourceVersionDate "2012.08.24"]
[SourceQuality "1"]

1. d4 Nf6 2. c4 g6 3. g3 Bg7 4. Bg2 O-O 5. Nc3 Nc6 6. Nf3 d6 7. O-O Bg4 8. d5 Na5 9. Nd2 c5 10. Qc2 a6 11. h3 Bd7 12. b3 b5 13. Bb2 Rb8 14. Rab1 bxc4 15. bxc4 Bh6 16. f4 e5 17. dxe6 fxe6 18. Nce4 Ne8 19. e3 Nc6 20. a3 Qe7 21. Ba1 Rxb1 22. Qxb1 d5 23. Nf2 d4 24. Qd3 e5 25. Ng4 Bxg4 26. hxg4 Nd8 27. g5 Bg7 28. Ne4 Ne6 29. fxe5 Rxf1+ 30. Qxf1 Bxe5 31. exd4 cxd4 32. Qc1 Nd6 33. Nxd6 Qxd6 34. Bd5 Kf8 35. Kg2 Ke7 36. Qe1 Kd7 37. Qd2 Qxa3 38. Qe1 Qa2+ 39. Kh3 Nxg5+ 40. Kg4 Bf6 41. Bxd4 Qc2 42. Bc6+ Kxc6 43. Qe8+ Kd6 44. Qb8+ Kd7 45. Qb7+ Ke8 46. Qc6+ Kf8 47. Qxf6+ Nf7 48. Qg7+ Ke7 49. Qf6+ Kf8 50. Qg7+ Ke8 51. Qg8+ Ke7 52. Bc5+ Kf6 53. Bd4+ Ne5+ 54. Bxe5+ Kxe5 55. Qd5+ Kf6 56. Qd6+ Kf7 57. Qd7+ Kf6 58. Qd6+ Kf7 59. Qd7+ 1/2-1/2

[Event "CAN-ch"]
[Site "Montreal CAN"]
[Date "2012.08.05"]
[Round "2"]
[White "Milicevic, Goran"]
[Black "Sambuev, Bator"]
[Result "0-1"]
[WhiteElo "2287"]
[BlackElo "2523"]
[PlyCount "114"]
[GameId "2160767909441653"]
[EventDate "2012.08.04"]
[EventType "swiss"]
[EventRounds "9"]
[EventCountry "CAN"]
[SourceTitle "CBM 149 Extra"]
[Source "ChessBase"]
[SourceDate "2012.08.24"]
[SourceVersion "1"]
[SourceVersionDate "2012.08.24"]
[SourceQuality "1"]

1. e4 e6 2. d4 d5 3. Nd2 c5 4. exd5 exd5 5. Ngf3 Nf6 6. Bb5+ Bd7 7. Bxd7+ Nbxd7 8. O-O Be7 9. Re1 O-O 10. Nf1 Re8 11. dxc5 Nxc5 12. Be3 Nfe4 13. Bd4 Ne6 14. c3 Nxd4 15. Nxd4 Bc5 16. Ne3 Qb6 17. Nxd5 Qxb2 18. Re2 Nxc3 19. Rxb2 Nxd1 20. Rxd1 Bxd4 21. Rxb7 Rad8 22. Ne3 g6 23. Kf1 h5 24. Ke2 Kg7 25. Rb4 Be5 26. Rxd8 Rxd8 27. g3 Bc3 28. Rc4 Rd2+ 29. Kf3 Bd4 30. a4 Bb6 31. h3 Ra2 32. g4 h4 33. Re4 f6 34. Nd1 Kf7 35. Ne3 Rd2 36. Rc4 g5 37. Rb4 Ke6 38. Rb5 Ra2 39. Rb4 Kd7 40. Nd1 Rd2 41. Ne3 Kc6 42. Re4 Bd4 43. Re6+ Kd7 44. Re4 a5 45. Kg2 Kc6 46. Re6+ Kc5 47. Kf3 Ra2 48. Re8 Rxa4 49. Rc8+ Kb5 50. Nd5 Be5 51. Ke2 Re4+ 52. Ne3 Rd4 53. Nc2 Rd7 54. Ra8 a4 55. Ke3 Rc7 56. Kd3 Rc3+ 57. Kd2 Rxh3 0-1